| 000 | 00767nam a2200205 a 4500 | ||
|---|---|---|---|
| 008 | 090206s1997 ||||||||||||||||| || u | ||
| 020 | _a0750642289 | ||
| 050 | _aRA 1226 Wha | ||
| 100 | _aBate, Roger, ed | ||
| 245 | 1 | 0 |
_aWhat risk? _cedited by Roger Bate |
| 260 |
_aOxford: _bButterworth-Heinemann _c1997 |
||
| 300 | _axxiv, 328p.: ill. | ||
| 350 | _a0.00 | ||
| 500 | _aCover title: What risk?;science, politics & public health | ||
| 650 | _aTOXICOLOGY--ENVIRONMENTAL ASPECTS | ||
| 650 | _aHEALTH RISK ASSESSMENT | ||
| 650 | _aENVIRONMENT | ||
| 650 | 0 | _aENVIRONMENTAL PROTECTION--ZAMBIA | |
| 995 |
_D0.00 _FCBU-MAIN LIBRARY (Kitwe) _H1 _I0.00 _M1 _UAVAILABLE _WFeb 6, 2009 _ZMain Library Open Access Collection |
||
| 999 |
_c61664 _d61664 |
||